Исчезнувшая Луна: повести; пер. с англ.

Detaylı Bibliyografya
Yazar: Брэкетт Л. Ли
Özet:Имя американской писательницы Ли Врэкетт уже известно российскому читателю по сериалу о Скэйте "Рыжая звезда". Настоящее издание является сборником лучших повестей Ли Брэкетт, которые печаталтсь в свое время в прекрасном американском журнале фантастики "Плэнет Сториз".
Dil:Rusça
Baskı/Yayın Bilgisi: Санкт-Петербург, Северо-Запад, 1993
Konular:
Materyal Türü: MixedMaterials Kitap
KOHA link:https://koha.lib.tpu.ru/cgi-bin/koha/opac-detail.pl?biblionumber=330837

MARC

LEADER 00000nam0a2200000 4500
001 330837
005 20231102004310.0
010 |a 5835202539 
035 |a (RuTPU)RU\TPU\book\356625 
090 |a 330837 
100 |a 20170411d1993 m y0rusy50 ca 
101 1 |a rus  |c eng 
102 |a RU 
105 |a a z 000ay 
200 1 |a Исчезнувшая Луна  |e повести  |e пер. с англ.  |f Л. Брэкетт 
210 |a Санкт-Петербург  |c Северо-Запад  |d 1993 
215 |a 480 с.  |c ил. 
330 |a Имя американской писательницы Ли Врэкетт уже известно российскому читателю по сериалу о Скэйте "Рыжая звезда". Настоящее издание является сборником лучших повестей Ли Брэкетт, которые печаталтсь в свое время в прекрасном американском журнале фантастики "Плэнет Сториз". 
606 1 |a Американская литература (англо-язычная литература)  |2 stltpush  |3 (RuTPU)RU\TPU\subj\28887  |9 52349 
610 1 |a фантастика 
610 1 |a приключения 
610 1 |a повести 
675 |a 82  |v 4 
700 1 |a Брэкетт  |b Л.  |g Ли 
801 1 |a RU  |b 63413507  |c 20170411 
801 2 |a RU  |b 63413507  |c 20170417  |g RCR 
942 |c BK